Derrida and feminism : recasting the question of woman
Zapisane w:
| 1. autor: | |
|---|---|
| Format: | Książka |
| Język: | Undetermined |
| Wydane: |
New York and London
Routedge
1997
|
| Hasła przedmiotowe: | |
| Etykiety: |
Dodaj etykietę
Nie ma etykietki, Dołącz pierwszą etykiete!
|
| Thư viện lưu trữ: | Trung tâm Học liệu Trường Đại học Cần Thơ |
|---|
| LEADER | 00528nam a2200181Ia 4500 | ||
|---|---|---|---|
| 001 | CTU_121829 | ||
| 008 | 210402s9999 xx 000 0 und d | ||
| 082 | |a 305.42 | ||
| 082 | |b F347 | ||
| 100 | |a Feder, Ellen K. | ||
| 245 | 0 | |a Derrida and feminism : recasting the question of woman | |
| 245 | 0 | |c Ellen K. Feder, Mary C. Rawlinson and Emily Zakin | |
| 260 | |a New York and London | ||
| 260 | |b Routedge | ||
| 260 | |c 1997 | ||
| 650 | |a Feminism | ||
| 904 | |i Thủy | ||
| 980 | |a Trung tâm Học liệu Trường Đại học Cần Thơ | ||